[Event "Montreal op"]
[Site "Montreal"]
[Date "1986.08.29"]
[Round "1"]
[White "Fata, Fabio"]
[Black "Rousseau, Daniel"]
[Result "0-1"]
[WhiteElo "1565"]
[BlackElo "1943"]
[PlyCount "44"]
[EventDate "1986.08.29"]
[EventType "swiss"]
[EventRounds "6"]
[EventCountry "CAN"]
[SourceTitle "EXT 2022"]
[Source "ChessBase"]
[SourceDate "2021.10.06"]
[SourceVersion "1"]
[SourceVersionDate "2021.10.06"]
[SourceQuality "1"]

1. Nf3 Nf6 2. c4 g6 3. b3 Bg7 4. Bb2 0-0 5. Nc3 c5 6. d4 d5 7. e3 cxd4 8. Nxd4 e5 9. Nc2 d4 10. exd4 exd4 11. Nxd4 Re8+ 12. Be2 Ne4 13. Nd5 Bg4 14. Ne3 Qa5+ 15. Kf1 Bxe2+ 16. Qxe2 Na6 17. g3 Rad8 18. Rd1 Qc5 19. f3 Bxd4 20. Bxd4 Rxd4 21. Rxd4 Qxd4 22. Nd5 Nd2+ 0-1